000 00509nam a2200181Ia 4500
008 100920s9999 xx 000 0 und d
082 _b67365
_a24 थ 95
100 _aजोशी शशिकांत.
245 _aसंकेत.
260 _bवंदन प्रकाशन ,अमरावती.
_c1995
300 _a111
_bसाधी
365 _b32
520 _aसायो.
630 _aसंकेत.
650 _aसायो.
730 _aसंकेत.
942 _cBOOK
999 _c709836
_d709833